| 000 | 00800nam a22001937a 4500 | ||
|---|---|---|---|
| 999 |
_c16423 _d16423 |
||
| 003 | AR-CdUCM | ||
| 008 | 190502b ||||| |||| 00| 0 esp d | ||
| 040 |
_aMUNICIPALIDAD PROVINCIAL DEL CUSCO _cBIBLIOTECA MUNICIPAL DEL CUSCO |
||
| 082 |
_a320.1 / _bUM48 / 1904 |
||
| 100 |
_aGreef, Guillaume Joseph de, _935552 |
||
| 245 | _aLa evolución de las creencias y de las doctrinas políticas / | ||
| 260 |
_aBarcelona : _bImprenta de Henrich y C, _c1904. |
||
| 300 |
_a173 páginas ; _c16 cm. |
||
| 505 | _aContenido : La internacionalidad egipcia -- Correlación de las instituciones y de las creencias -- Bases económicas de las creencias -- Conclusiones psico-sociológicas ... | ||
| 650 |
_aSociología _9276 |
||
| 700 |
_aUmbert, Pedro _935860 |
||
| 942 |
_2ddc _cLIBROS |
||
| 945 |
_arah _d03/05/2019 |
||